<?xml version='1.0' encoding='UTF-8'?>
  <record xmlns="http://www.loc.gov/MARC21/slim">
    <leader>00000cam a2200000 i 4500</leader>
    <controlfield tag="001">ocm68099735</controlfield>
    <controlfield tag="003">OCoLC</controlfield>
    <controlfield tag="005">20250805074508.9</controlfield>
    <controlfield tag="008">980407s1595    gw            000 0 ger d</controlfield>
    <datafield tag="040" ind1=" " ind2=" ">
      <subfield code="a">NLGGC</subfield>
      <subfield code="b">eng</subfield>
      <subfield code="e">rda</subfield>
      <subfield code="e">dcrmr</subfield>
      <subfield code="c">NLGGC</subfield>
      <subfield code="d">QGJ</subfield>
      <subfield code="d">OCLCL</subfield>
      <subfield code="d">OCLCQ</subfield>
      <subfield code="d">QGJ</subfield>
    </datafield>
    <datafield tag="029" ind1="0" ind2=" ">
      <subfield code="a">NLGGC</subfield>
      <subfield code="b">168385686</subfield>
    </datafield>
    <datafield tag="035" ind1=" " ind2=" ">
      <subfield code="a">(OCoLC)68099735</subfield>
    </datafield>
    <datafield tag="245" ind1="0" ind2="0">
      <subfield code="a">Warhafftige Relation Des Hertzbergischen Colloquij, zwischen den Chur vnd Fürstlichen Sechsischen Brandenburgischen vnd Anhaltischen Theologen von Neun hochwichtigen Vrsachen warumb das Concordibuch mit gutem gewissen nicht könne vnterschrieben werden. :</subfield>
      <subfield code="b">Wie dieselbige Anno 78. dem Durchleuchten Hochgebornen Fürsten Herrn, Herrn Joachim Ernsten Weiland Fürsten zu Anhalt Graffen zu Ascanien etc.  Christmilder gedechtnis, nicht allein von den Anhaltischen Theologen, sondern auch jhnen zugeordneten H. politischen gesanten, vbergeben vnd von seiner Fürstlichen Gnaden ferner den Hochlöblischen beyden Churfürsten, Sacnsen vnd Brandenburgk, etc. zugesant, trewlich aus dem Original publiciret. Zu Nothwendiger widerlegung des außgesprengten Falschen Protocols D. Olearij zu Halle ...</subfield>
    </datafield>
    <datafield tag="264" ind1=" " ind2="1">
      <subfield code="a">Gedruckt zu Zerbst, :</subfield>
      <subfield code="b">durch Bonaventur Schmid,</subfield>
      <subfield code="c">Im jahr M. D. LXXXXv. [1595]</subfield>
    </datafield>
    <datafield tag="300" ind1=" " ind2=" ">
      <subfield code="a">[28], 203, [36] p. ;</subfield>
      <subfield code="c">19 cm (4to)</subfield>
    </datafield>
    <datafield tag="336" ind1=" " ind2=" ">
      <subfield code="a">text</subfield>
      <subfield code="b">txt</subfield>
      <subfield code="2">rdacontent</subfield>
    </datafield>
    <datafield tag="337" ind1=" " ind2=" ">
      <subfield code="a">unmediated</subfield>
      <subfield code="b">n</subfield>
      <subfield code="2">rdamedia</subfield>
    </datafield>
    <datafield tag="338" ind1=" " ind2=" ">
      <subfield code="a">volume</subfield>
      <subfield code="b">nc</subfield>
      <subfield code="2">rdacarrier</subfield>
    </datafield>
    <datafield tag="340" ind1=" " ind2=" ">
      <subfield code="m">4to</subfield>
      <subfield code="2">rdabf</subfield>
    </datafield>
    <datafield tag="500" ind1=" " ind2=" ">
      <subfield code="a">Contains also: Copey Des Schreibens Doctoris Casparis Peuceri, aus dem Gefengnis zu Leiptzig, an den Churfürsten zu Sachsen, Hertzogen Augustum: [et]c. Anno 1579. den 27. Iulij ehe dz Concordienbuch verfertiget worden ...</subfield>
    </datafield>
    <datafield tag="500" ind1=" " ind2=" ">
      <subfield code="a">Initials; printed, marginal notes.</subfield>
    </datafield>
    <datafield tag="500" ind1=" " ind2=" ">
      <subfield code="a">Signatures: a-c⁴ d² A-Z⁴ Aa-Bb⁴ Cc² ²A-²D⁴ ²E²; a2 signed )(2; a4 signed a2; Cc2v is blank.</subfield>
    </datafield>
    <datafield tag="510" ind1="4" ind2=" ">
      <subfield code="a">Verzeichnis der im deutschen Sprachbereich erschienenen Drucke des 16. Jahrhunderts (VD 16),</subfield>
      <subfield code="c">W 464</subfield>
      <subfield code="u">https://gateway-bayern.de/VD16+W+464</subfield>
    </datafield>
    <datafield tag="510" ind1="4" ind2=" ">
      <subfield code="3">Peucer, Kaspar d.Ä. Kopie des Schreibens aus dem Gefängnis zu Leipzig an den Kurfürsten zu Sachsen Herzog August anno 1579 den 27. Juli.:</subfield>
      <subfield code="a">Verzeichnis der im deutschen Sprachbereich erschienenen Drucke des 16. Jahrhunderts (VD 16),</subfield>
      <subfield code="c">P 1996</subfield>
      <subfield code="u">https://gateway-bayern.de/VD16+P+1996</subfield>
    </datafield>
    <datafield tag="600" ind1="1" ind2="0">
      <subfield code="a">Olearius, Johann,</subfield>
      <subfield code="d">1546-1623.</subfield>
    </datafield>
    <datafield tag="600" ind1="0" ind2="0">
      <subfield code="a">Joachim Ernst,</subfield>
      <subfield code="c">Prince of Anhalt,</subfield>
      <subfield code="d">1536-1586.</subfield>
    </datafield>
    <datafield tag="630" ind1="0" ind2="0">
      <subfield code="a">Book of concord.</subfield>
    </datafield>
    <datafield tag="650" ind1=" " ind2="0">
      <subfield code="a">Theology, Doctrinal</subfield>
      <subfield code="z">Germany</subfield>
      <subfield code="x">History</subfield>
      <subfield code="y">16th century.</subfield>
    </datafield>
    <datafield tag="650" ind1=" " ind2="6">
      <subfield code="a">Théologie dogmatique</subfield>
      <subfield code="z">Allemagne</subfield>
      <subfield code="x">Histoire</subfield>
      <subfield code="y">16e siècle.</subfield>
    </datafield>
    <datafield tag="600" ind1="1" ind2="7">
      <subfield code="a">Olearius, Johann,</subfield>
      <subfield code="d">1546-1623</subfield>
      <subfield code="2">fast</subfield>
      <subfield code="1">https://id.oclc.org/worldcat/entity/E39PBJxrVMkbPXTWVj3qvRTWDq</subfield>
    </datafield>
    <datafield tag="630" ind1="0" ind2="7">
      <subfield code="a">Book of concord</subfield>
      <subfield code="2">fast</subfield>
    </datafield>
    <datafield tag="650" ind1=" " ind2="7">
      <subfield code="a">Theology, Doctrinal</subfield>
      <subfield code="2">fast</subfield>
    </datafield>
    <datafield tag="651" ind1=" " ind2="7">
      <subfield code="a">Germany</subfield>
      <subfield code="2">fast</subfield>
      <subfield code="1">https://id.oclc.org/worldcat/entity/E39PBJtCD3rcKcPDx6FHmjvrbd</subfield>
    </datafield>
    <datafield tag="648" ind1=" " ind2="7">
      <subfield code="a">1500-1599</subfield>
      <subfield code="2">fast</subfield>
    </datafield>
    <datafield tag="655" ind1=" " ind2="7">
      <subfield code="a">History</subfield>
      <subfield code="2">fast</subfield>
    </datafield>
    <datafield tag="700" ind1="1" ind2="2">
      <subfield code="i">Container of (work):</subfield>
      <subfield code="a">Peucer, Kaspar,</subfield>
      <subfield code="d">1525-1602.</subfield>
      <subfield code="t">Kopie des Schreibens aus dem Gefängnis zu Leipzig an den Kurfürsten zu Sachsen Herzog August anno 1579 den 27. Juli.</subfield>
    </datafield>
    <datafield tag="700" ind1="1" ind2=" ">
      <subfield code="a">Schmidt, Bonaventura,</subfield>
      <subfield code="d">-approximately 1598,</subfield>
      <subfield code="e">printer.</subfield>
      <subfield code="4">prt</subfield>
      <subfield code="1">https://id.oclc.org/worldcat/entity/E39PCjqyfDygfbPHWF9JKggcpq</subfield>
    </datafield>
    <datafield tag="752" ind1=" " ind2=" ">
      <subfield code="a">Germany</subfield>
      <subfield code="d">Zerbst,</subfield>
      <subfield code="e">publication place.</subfield>
      <subfield code="4">pup</subfield>
    </datafield>
    <datafield tag="758" ind1=" " ind2=" ">
      <subfield code="i">has work:</subfield>
      <subfield code="a">Warhafftige Relation des Hertzbergischen Colloquii, zwischen den Chur und Fürstlichen, Sechsischen, Brandenburgischen, und Anhaltischen Theologen, von neun hochwichtigen Ursachen, warumb das Concordibuch, mit gutem Gewissen, nicht könne unterschrieben werden ... zu nothwendiger Widerlegung des aussgesprengten falschen Protocols D. Olearii zu Halle (Text)</subfield>
      <subfield code="1">https://id.oclc.org/worldcat/entity/E39PCYpcgqvQVMwpX47cvKVcT3</subfield>
      <subfield code="4">https://id.oclc.org/worldcat/ontology/hasWork</subfield>
    </datafield>
    <datafield tag="936" ind1=" " ind2=" ">
      <subfield code="a">BATCHLOAD</subfield>
    </datafield>
  </record>